| 000 | 01562nam a22003257a 4500 | ||
|---|---|---|---|
| 003 | CHAP | ||
| 005 | 20240521125723.0 | ||
| 007 | ta | ||
| 008 | 221028s2022 |||bo||fr||||a001 0 spa d | ||
| 040 | _amxchpua | ||
| 090 |
_aT.C.880 _bV55 SAI _c2022 |
||
| 245 | 1 | 0 |
_aSistema agroindustrial sotol en Chihuahua : _bensayo-memoria de fase de campo virtual / _ccoordinador Abraham Villegas de Gante ; colaboradores Ana L. Ramos de Jesús...[y otros] |
| 260 |
_aChapingo, México : _bEl autor, _c2022 |
||
| 300 |
_a32 hojas : _bmapas, fotos + _e1 CD-ROM |
||
| 336 |
_2rdacontent _atexto _btxt |
||
| 337 |
_2rda media _ano mediado _bn |
||
| 338 |
_2rdacarrier _avolumen _bnc |
||
| 500 | _aGrado: 6° año | ||
| 502 |
_aViaje de Estudios _b(SAI) -- _cUACh. Departamento de Ingeniería Agroindustrial, _d2022 |
||
| 504 | _aBibliografía: hojas 30-32 | ||
| 505 | 0 |
_aVisitas: -- _t1. Destilería Maldonado -- 2. Vinata Canos -- 3. Casa Ruelas -- 4. Destilería La Tradición de la Familia -- 5. Sotol Fernández |
|
| 650 | 1 | 3 |
_931122 _aDasylirion |
| 650 | 1 | 3 |
_9148013 _aAlcoholes etílicos _xIndustria y comercio _yMéxico _zChihuahua |
| 650 | 1 | 3 |
_9161598 _aDestilados _xCalidad del producto |
| 650 | 1 | 3 |
_9148015 _aDistilled spirits _xIndustry and trade _zMexico _zChihuahua |
| 650 | 1 | 3 |
_9161599 _aDistillates _xProduct quality |
| 700 | 1 |
_9185141 _aVillegas de Gante, Abraham Zacarias _ecoordinador |
|
| 700 | 1 |
_9185573 _aRamos de Jesús, Ana L. _ecolaboradora |
|
| 856 | 4 | 1 |
_uhttp://10.13.5.2/ve/T_C_880_SAI/T_C_880_SAI_2022-REPORTE_pdf _yDESCARGAR REPORTE |
| 999 |
_c217687 _d217687 |
||